Geography In Dire Straits Songs - Statistics

General Stats
  • This quiz has been taken 67 times
  • The average score is 5 of 15
Answer Stats
Answer % Correct
America
86%
England
76%
London
71%
France
56%
Germany
56%
Spain
46%
Ireland
34%
New Orleans
32%
River Tyne
15%
Munich
12%
Leeds
10%
Hawaii
7%
Louisiana
7%
Louisville
0%
Toulouse
0%
No matching quizzes found
Score Distribution
Percent of People with Each Score
Percentile by Number Answered
Your Score History
You have not taken this quiz